Normal view
MARC view
Entry Personal Name
001 - CONTROL NUMBER
- control field: 69546
003 - CONTROL NUMBER IDENTIFIER
- control field: dpl
005 - DATE AND TIME OF LATEST TRANSACTION
- control field: 20240806120803.0
008 - FIXED-LENGTH DATA ELEMENTS
- fixed length control field: 240806|| aca||aabn | a|a d
040 ## - CATALOGING SOURCE
- Original cataloging agency: dpl
- Transcribing agency: dpl
100 ## - HEADING--PERSONAL NAME
- Personal name: केडिया राजेन्द्र
670 ## - SOURCE DATA FOUND
- Source citation: Work cat.: (dpl)204739: केडिया राजेन्द्र, राजस्थानी कहावतों का संसार:, 2023
